| 000 | 00841nam a22002297a 4500 | ||
|---|---|---|---|
| 999 |
_c17590 _d17590 |
||
| 003 | AR-CdUCM | ||
| 008 | 190322b ||||| |||| 00| 0 spa d | ||
| 040 |
_aMUNICIPALIDAD PROVINCIAL DEL CUSCO _cBIBLIOTECA MUNICIPAL DEL CUSCO |
||
| 082 |
_a301.37 / _bM19 _22ed |
||
| 100 |
_aMalpica Silva S. Carlos _923102 |
||
| 245 | _aCrónica del hambre en el Perú / | ||
| 260 |
_aLima : _bFrancisco Moncloa Editores, _c1970. |
||
| 300 |
_a284 páginas ; _bcuadros, _c21 cm. |
||
| 440 |
_aToda la realidad. Ensayo. _937697 |
||
| 505 | _aContenido: La agricultura y el hambre en nuestra historia -- En la colonia -- Durante la república -- La situación actual... | ||
| 650 |
_aHambre _97447 |
||
| 650 |
_aAspectos sociales _9262 |
||
| 650 |
_aAspectos económicos _9261 |
||
| 650 |
_aPerú _935 |
||
| 942 |
_2ddc _cLIBROS |
||
| 945 |
_adavv _d2019-05-09 |
||